[Event "3rd Memorial Warakomska 2019"]
[Site "Suwalki"]
[Date "2019.08.12"]
[Round "9.25"]
[White "Fiedorek, Michal"]
[Black "Suliborski, Jakub"]
[Result "1/2-1/2"]
[WhiteElo "2241"]
[BlackElo "2131"]
[Annotator "ChessBase"]
[PlyCount "69"]
[EventDate "2019.08.05"]
[EventType "swiss"]
[EventCountry "POL"]
[SourceTitle "playchess.com"]
[Source "ChessBase"]
[SourceQuality "1"]
[TimeControl "40/5400+30:1800+30"]

1. e4 {[%emt 0:00:00]} c5 {[%emt 0:00:00]} 2. Nf3 {[%emt 0:00:00]} d6 {[%emt 0:00:02]} 3. d4 {[%emt 0:00:00]} cxd4 {[%emt 0:00:06]} 4. Nxd4 {[%emt 0:00:00]} Nf6 {[%emt 0:00:34]} 5. Nc3 {[%emt 0:00:27]} e6 {[%emt 0:00:19]} 6. Be2 {[%emt 0:00:45]} Be7 {[%emt 0:00:27]} 7. O-O {[%emt 0:00:52]} O-O {[%emt 0:00:12]} 8. f4 {[%emt 0:02:22]} e5 {[%emt 0:04:46]} 9. Nb3 {[%emt 0:04:31]} Bd7 {[%emt 0:13:23]} 10. Kh1 {[%emt 0:08:07]} Bc6 {[%emt 0:00:36]} 11. Bd3 {[%emt 0:04:28]} Nbd7 {[%emt 0:01:46]} 12. Qf3 {[%emt 0:04:54]} exf4 {[%emt 0:05:48]} 13. Qxf4 {[%emt 0:04:05]} Ne5 {[%emt 0:00:52]} 14. Nd4 {[%emt 0:03:24]} g6 {[%emt 0:09:34]} 15. Be2 {[%emt 0:06:10]} Qb6 {[%emt 0:11:11]} 16. Ndb5 {[%emt 0:17:35]} Nh5 {[%emt 0:11:58]} 17. Qf2 {[%emt 0:13:18]} Qxf2 {[%emt 0:00:56]} 18. Rxf2 {[%emt 0:00:07]} Ng7 {[%emt 0:01:52]} 19. Be3 {[%emt 0:06:04]} a6 {[%emt 0:00:29]} 20. Nc7 {[%emt 0:01:09]} Rac8 {[%emt 0:00:05]} 21. N7d5 {[%emt 0:00:18]} Bh4 {[%emt 0:00:14]} 22. Nf6+ {[%emt 0:04:29]} Kh8 {[%emt 0:01:24]} 23. Rff1 {[%emt 0:00:49]} Ne8 {[%emt 0:01:33]} 24. Nxe8 {[%emt 0:02:06]} Rfxe8 {[%emt 0:01:08]} 25. Rad1 {[%emt 0:00:46]} Be7 {[%emt 0:01:02]} 26. Bb6 {[%emt 0:02:55]} Kg7 {[%emt 0:01:01]} 27. Rd2 {[%emt 0:02:39]} Nd7 {[%emt 0:06:55]} 28. Bd4+ {[%emt 0:00:48]} Bf6 {[%emt 0:00:08]} 29. Bg4 {[%emt 0:02:05]} Bxd4 {[%emt 0:00:49]} 30. Rxd4 {[%emt 0:00:54]} Rcd8 {[%emt 0:00:04]} 31. Rxd6 {[%emt 0:02:30]} Ne5 {[%emt 0:00:21]} 32. Rxd8 {[%emt 0:00:43]} Rxd8 {[%emt 0:00:13]} 33. Rd1 {[%emt 0:02:11]} Rxd1+ {[%emt 0:00:05]} 34. Bxd1 {[%emt 0:00:04]} Nc4 {[%emt 0:00:04]} 35. b3 {[%emt 0:01:48]} 1/2-1/2

[Event "3rd Memorial Warakomska 2019"]
[Site "Suwalki"]
[Date "2019.08.12"]
[Round "9.27"]
[White "Szpar, Milosz"]
[Black "Klimkowski, Jan"]
[Result "1/2-1/2"]
[WhiteElo "2289"]
[BlackElo "1985"]
[Annotator "ChessBase"]
[PlyCount "115"]
[EventDate "2019.08.05"]
[EventType "swiss"]
[EventCountry "POL"]
[SourceTitle "playchess.com"]
[Source "ChessBase"]
[SourceQuality "1"]
[TimeControl "40/5400+30:1800+30"]

1. e4 {[%emt 0:00:00]} c5 {[%emt 0:00:00]} 2. Nf3 {[%emt 0:00:00]} d6 {[%emt 0:00:00]} 3. d4 {[%emt 0:00:00]} cxd4 {[%emt 0:00:00]} 4. Qxd4 {[%emt 0:00:00]} Nc6 {[%emt 0:00:00]} 5. Bb5 {[%emt 0:00:03]} Bd7 {[%emt 0:00:01]} 6. Bxc6 {[%emt 0:00:05]} Bxc6 {[%emt 0:00:04]} 7. Nc3 {[%emt 0:00:05]} Nf6 {[%emt 0:02:24]} 8. Bg5 {[%emt 0:00:06]} e6 {[%emt 0:01:14]} 9. O-O-O {[%emt 0:00:21]} Be7 {[%emt 0:01:05]} 10. Qd3 {[%emt 0:00:37]} Qa5 {[%emt 0:02:59]} 11. h4 {[%emt 0:00:55]} O-O {[%emt 0:06:01]} 12. Nd4 {[%emt 0:00:33]} h6 {[%emt 0:02:24]} 13. f4 {[%emt 0:01:35]} Rfc8 {[%emt 0:04:34]} 14. g4 {[%emt 0:03:55]} Qa6 {[%emt 0:04:47]} 15. Qg3 {[%emt 0:12:58]} Nxe4 {[%emt 0:08:26]} 16. Nxe4 {[%emt 0:00:51]} Bxe4 {[%emt 0:04:50]} 17. Bxe7 {[%emt 0:04:44]} Bxh1 {[%emt 0:01:04]} 18. g5 {[%emt 0:09:06]} Be4 {[%emt 0:04:31]} 19. gxh6 {[%emt 0:03:49]} g6 {[%emt 0:01:15]} 20. Re1 {[%emt 0:47:26]} Qd3 {[%emt 0:13:48]} 21. Qxd3 {[%emt 0:04:21]} Bxd3 {[%emt 0:00:05]} 22. Kd2 {[%emt 0:03:22]} Bf5 {[%emt 0:00:54]} 23. Bf6 {[%emt 0:00:31]} Kh7 {[%emt 0:02:35]} 24. Bg7 {[%emt 0:00:51]} Bg4 {[%emt 0:02:20]} 25. a4 {[%emt 0:02:02]} a6 {[%emt 0:01:36]} 26. Re3 {[%emt 0:00:52]} Re8 {[%emt 0:01:00]} 27. Nb3 {[%emt 0:02:39]} Rac8 {[%emt 0:02:18]} 28. a5 {[%emt 0:00:44]} e5 {[%emt 0:01:01]} 29. fxe5 {[%emt 0:01:10]} dxe5 {[%emt 0:00:19]} 30. Bxe5 {[%emt 0:00:17]} Kxh6 {[%emt 0:01:09]} 31. Nc5 {[%emt 0:00:37]} Red8+ {[%emt 0:00:21]} 32. Nd3 {[%emt 0:00:08]} Bf5 {[%emt 0:00:19]} 33. Bf6 {[%emt 0:00:07]} Rd6 {[%emt 0:01:29]} 34. Bg5+ {[%emt 0:00:11]} Kh5 {[%emt 0:01:00]} 35. Re7 {[%emt 0:00:16]} Rd7 {[%emt 0:00:40]} 36. Rxd7 {[%emt 0:00:05]} Bxd7 {[%emt 0:00:06]} 37. Nf4+ {[%emt 0:00:17]} Kg4 {[%emt 0:00:09]} 38. Nd5 {[%emt 0:00:05]} Be6 {[%emt 0:01:33]} 39. Nf6+ {[%emt 0:00:21]} Kf3 {[%emt 0:00:38]} 40. b4 {[%emt 0:00:00]} Bf5 {[%emt 0:00:00]} 41. c3 {[%emt 0:00:18]} Rd8+ {[%emt 0:01:51]} 42. Kc1 {[%emt 0:00:07]} Ke2 {[%emt 0:00:38]} 43. Kb2 {[%emt 0:00:03]} Kd3 {[%emt 0:01:56]} 44. Ne4 {[%emt 0:00:59]} Re8 {[%emt 0:00:48]} 45. Nc5+ {[%emt 0:02:49]} Kc4 {[%emt 0:00:32]} 46. Nxb7 {[%emt 0:01:16]} Re2+ {[%emt 0:00:37]} 47. Ka3 {[%emt 0:00:18]} Kxc3 {[%emt 0:02:06]} 48. Bf6+ {[%emt 0:02:29]} Kd3 {[%emt 0:01:01]} 49. b5 {[%emt 0:03:19]} axb5 {[%emt 0:01:41]} 50. Kb4 {[%emt 0:03:19]} Ra2 {[%emt 0:02:07]} 51. Kxb5 {[%emt 0:04:08]} Ke3 {[%emt 0:04:05]} 52. Kb6 {[%emt 0:01:55]} Kf4 {[%emt 0:01:44]} 53. a6 {[%emt 0:06:22]} Be4 {[%emt 0:02:34]} 54. Nd6 {[%emt 0:03:03]} Bd5 {[%emt 0:03:00]} 55. a7 {[%emt 0:02:23]} Kg4 {[%emt 0:01:41]} 56. Kc5 {[%emt 0:00:43]} Be6 {[%emt 0:01:14]} 57. Kb6 {[%emt 0:00:05]} Bd5 {[%emt 0:00:15]} 58. Kc5 1/2-1/2

[Event "3rd Memorial Warakomska 2019"]
[Site "Suwalki"]
[Date "2019.08.12"]
[Round "9.28"]
[White "Kaczmarek, Aleksander"]
[Black "Luba, Lukasz"]
[Result "1-0"]
[WhiteElo "2389"]
[BlackElo "2177"]
[Annotator "TA"]
[PlyCount "61"]
[EventDate "2019.08.05"]
[EventType "swiss"]
[EventCountry "POL"]
[SourceTitle "playchess.com"]
[Source "ChessBase"]
[SourceQuality "1"]

{[%evp 10,61,36,11,42,16,65,69,61,14,87,66,117,130,138,121,115,64,104,120,235,185,429,408,732,730,911,857,1295,1272,5618,611,597,596,489,479,488,490,450,447,692,552,516,536,508,483,622,622,5593,5573,5422,5422,2089,1468]} 1. e4 e5 2. d4 exd4 3. Nf3 d6 4. Nxd4 Nf6 5. Nc3 Be7 6. h3 Nc6 {C41: Philidor Defence} (6... O-O 7. g4 d5 8. e5 Nfd7 9. Nxd5 Nxe5 10. Bg2 Bc5 11. Bf4 c6 12. Bxe5 Re8 13. Nf3 Nd7 14. Ne3 Nxe5 15. Nxe5 {0-1 (25) Ernst,S (2558)-Giri,A (2696) Amsterdam 2012}) 7. Be3 (7. g4 {is interesting.} O-O 8. g5 Nd7 9. h4 Nb6 10. Bg2) 7... a6 8. Nxc6 $146 ({Predecessor:} 8. Qd2 Nxd4 9. Bxd4 b5 10. f3 Be6 11. Bf2 O-O 12. Be2 h6 {½-½ (40) Jovanovic,D (1934)-Stojiljkovic,Z (1991) Nis 2013}) 8... bxc6 {White is slightly better.} 9. f4 Be6 (9... Rb8 $11) 10. Qf3 Qb8 {[#]} (10... Nd7 $14) 11. O-O-O $1 $16 Qb7 12. f5 $36 {[%mdl 2048] White has strong initiative.} Bc8 13. Bc4 ({Better is} 13. g4 $16) 13... Nd7 {[#]} 14. Bd4 $1 Bf6 (14... O-O $16 {was called for.}) 15. e5 $18 Nxe5 $2 (15... dxe5 16. Be3 Rb8) 16. Rhe1 Bd7 (16... O-O $142 17. Rxe5 Bxe5 18. Bxe5 dxe5) 17. Bxe5 {[%mdl 64] Remove Defender. White is clearly winning.} Bxe5 {[#]} 18. Rxe5+ $1 {[%mdl 512]} dxe5 {[#]} 19. Bxf7+ $1 {[%mdl 512]} Kxf7 20. Rxd7+ (20. Qh5+ $142 Ke7 21. Qg5+ {[%mdl 64] Double Attack} Ke8 22. Qxg7 {[%mdl 64] Double Attack}) 20... Ke8 21. Rxg7 Qb6 22. f6 {Intending Qg4 and mate.} Kd8 23. Qg4 {[%csl Gg7][%cal Rg4d7]} Qe3+ 24. Kd1 {[%csl Gg7][%cal Rg4d7]} ({Less strong is} 24. Kb1 Qg1+ 25. Nd1 Qd4 $16) 24... Qg1+ (24... Qd4+ $142 25. Qxd4+ exd4) 25. Kd2 {[%csl Gg7][%cal Rg4d7]} Qd4+ 26. Qxd4+ exd4 27. Ne4 Rb8 28. Nc5 {White threatens Ne6+ and mate.} Rb5 29. Ne6+ {[%mdl 64] Double Attack} Kc8 30. f7 Rf5 31. Rg8+ {[%mdl 64] Double Attack. Accuracy: White = 83%, Black = 20%.} 1-0

[Event "3rd Memorial Warakomska 2019"]
[Site "Suwalki"]
[Date "2019.08.12"]
[Round "9.29"]
[White "Zakrzewski, Marek"]
[Black "Jankowiak, Tomasz"]
[Result "1-0"]
[WhiteElo "2311"]
[BlackElo "2104"]
[Annotator "NA"]
[PlyCount "59"]
[EventDate "2019.08.05"]
[EventType "swiss"]
[EventCountry "POL"]
[SourceTitle "playchess.com"]
[Source "ChessBase"]
[SourceQuality "1"]
[TimeControl "40/5400+30:1800+30"]

1. c4 {[%emt 0:00:00]} e5 {[%emt 0:00:00]} 2. Nc3 {[%emt 0:00:00]} Nf6 {[%emt 0:00:00]} 3. g3 {[%emt 0:00:00]} d5 {[%emt 0:00:00]} 4. cxd5 {[%emt 0:00:00]} Nxd5 {[%emt 0:00:04]} 5. Bg2 {[%emt 0:00:06]} Nb6 {[%emt 0:00:06]} 6. Nf3 {[%emt 0:00:07]} Nc6 {[%emt 0:00:04]} 7. O-O {[%emt 0:00:09]} Be7 {[%emt 0:00:18]} 8. d3 {[%emt 0:00:07]} O-O {[%emt 0:00:08]} 9. Be3 {[%emt 0:00:08]} Re8 {[%emt 0:00:22]} 10. Rc1 {[%emt 0:01:45]} Bf8 {[%emt 0:00:23]} 11. a3 {[%emt 0:03:37]} Bf5 {[%emt 0:13:43]} 12. Na4 {[%emt 0:06:24]} Nd4 {[%emt 0:12:42]} 13. Nc5 {[%emt 0:07:06]} Bxc5 {[%emt 0:01:05]} 14. Rxc5 $11 {[%emt 0:00:10]} Bg4 {[%emt 0:00:33]} 15. Re1 {[%emt 0:01:13]} Bxf3 {[%emt 0:04:04]} 16. exf3 {[%emt 0:00:11]} c6 {[%emt 0:01:17]} 17. b4 {[%emt 0:25:52]} Qd7 {[%emt 0:10:15]} 18. Bxd4 {[%emt 0:06:36]} Qxd4 {[%emt 0:05:50]} 19. Re4 {[%emt 0:00:11]} Qb2 {[%emt 0:00:55]} 20. Qe1 {[%emt 0:06:39]} Qxa3 {[%emt 0:06:05]} 21. Rcxe5 {[%emt 0:00:52]} Rxe5 {[%emt 0:04:22]} 22. Rxe5 {[%emt 0:00:08]} Nd7 {[%emt 0:07:46]} 23. Re7 {[%emt 0:13:33]} Qxd3 {[%emt 0:01:19]} 24. Bf1 {[%emt 0:01:42]} Qd5 {[%emt 0:03:09]} 25. Qe4 {[%emt 0:05:30]} Qd1 {[%emt 0:03:54]} 26. Kg2 {[%emt 0:00:07]} Nf6 {[%emt 0:13:42]} 27. Qc4 {[%emt 0:03:56]} Nd5 {[%emt 0:02:01]} 28. Rxb7 {[%emt 0:00:54]} Qd2 {[%emt 0:04:42]} 29. Qxc6 {[%emt 0:02:42]} Nxb4 {[%emt 0:04:06]} 30. Rxb4 {[%emt 0:00:15]} 1-0

[Event "3rd Memorial Warakomska 2019"]
[Site "Suwalki"]
[Date "2019.08.12"]
[Round "9.30"]
[White "Hoffmann, Yair"]
[Black "Czopor, Maciej"]
[Result "1/2-1/2"]
[WhiteElo "2099"]
[BlackElo "2250"]
[Annotator "ChessBase"]
[PlyCount "104"]
[EventDate "2019.08.05"]
[EventType "swiss"]
[EventCountry "POL"]
[SourceTitle "playchess.com"]
[Source "ChessBase"]
[SourceQuality "1"]
[TimeControl "40/5400+30:1800+30"]

1. d4 {[%emt 0:00:00]} Nf6 {[%emt 0:00:00]} 2. Nf3 {[%emt 0:00:00]} e6 {[%emt 0:00:15]} 3. Bf4 {[%emt 0:00:22]} b6 {[%emt 0:01:00]} 4. e3 {[%emt 0:00:50]} Bb7 {[%emt 0:00:25]} 5. Nbd2 {[%emt 0:02:25]} Be7 {[%emt 0:02:19]} 6. h3 {[%emt 0:00:34]} O-O {[%emt 0:02:25]} 7. Bd3 {[%emt 0:00:19]} c5 {[%emt 0:00:10]} 8. c3 {[%emt 0:00:06]} d6 {[%emt 0:00:58]} 9. Qe2 {[%emt 0:02:57]} Nbd7 {[%emt 0:04:11]} 10. O-O {[%emt 0:02:19]} Qc7 {[%emt 0:01:01]} 11. Bh2 {[%emt 0:01:17]} Rac8 {[%emt 0:04:44]} 12. a4 {[%emt 0:07:01]} Rfe8 {[%emt 0:03:15]} 13. Rfe1 {[%emt 0:03:16]} Bf8 {[%emt 0:03:34]} 14. a5 {[%emt 0:03:30]} bxa5 {[%emt 0:02:23]} 15. Nc4 {[%emt 0:15:23]} cxd4 {[%emt 0:01:16]} 16. exd4 {[%emt 0:02:12]} Bd5 {[%emt 0:03:56]} 17. Nxa5 {[%emt 0:01:26]} Rb8 {[%emt 0:01:08]} 18. Nc4 {[%emt 0:03:13]} Rec8 {[%emt 0:03:20]} 19. Na3 {[%emt 0:02:12]} Qb6 {[%emt 0:11:35]} 20. Rab1 {[%emt 0:01:28]} a5 {[%emt 0:03:31]} 21. Nb5 {[%emt 0:07:47]} Bc6 {[%emt 0:03:24]} 22. Na3 {[%emt 0:01:01]} Bd5 {[%emt 0:00:55]} 23. Nb5 {[%emt 0:01:29]} g6 {[%emt 0:02:58]} 24. c4 {[%emt 0:03:42]} Bc6 {[%emt 0:06:01]} 25. c5 {[%emt 0:03:07]} dxc5 {[%emt 0:14:41]} 26. Bxb8 {[%emt 0:00:53]} Rxb8 {[%emt 0:00:08]} 27. dxc5 {[%emt 0:00:58]} Nxc5 {[%emt 0:00:35]} 28. Nbd4 {[%emt 0:00:23]} Bd5 {[%emt 0:00:39]} 29. Bb5 {[%emt 0:06:36]} Nfe4 {[%emt 0:02:15]} 30. Bc4 {[%emt 0:02:10]} Ba8 {[%emt 0:00:40]} 31. Nb5 {[%emt 0:05:28]} Bg7 {[%emt 0:01:43]} 32. Qc2 {[%emt 0:00:38]} Bc6 {[%emt 0:02:21]} 33. Nbd4 {[%emt 0:01:26]} Ba8 {[%emt 0:00:48]} 34. Nb5 {[%emt 0:00:47]} Bc6 {[%emt 0:05:22]} 35. Nbd4 {[%emt 0:00:18]} Bb7 {[%emt 0:00:10]} 36. Nb5 {[%emt 0:04:10]} Rc8 {[%emt 0:00:34]} 37. Qe2 {[%emt 0:00:44]} a4 {[%emt 0:01:35]} 38. Nbd4 {[%emt 0:02:45]} Nd6 {[%emt 0:01:51]} 39. Red1 {[%emt 0:03:54]} Nxc4 {[%emt 0:03:12]} 40. Qxc4 {[%emt 0:00:00]} Ba6 {[%emt 0:00:00]} 41. Qc2 {[%emt 0:01:47]} e5 {[%emt 0:04:17]} 42. Ne2 {[%emt 0:03:32]} Nd3 {[%emt 0:05:13]} 43. Nc3 {[%emt 0:00:18]} e4 {[%emt 0:03:08]} 44. Ng5 {[%emt 0:00:29]} f5 {[%emt 0:10:25]} 45. h4 {[%emt 0:06:48]} h6 {[%emt 0:01:49]} 46. Nh3 {[%emt 0:00:17]} a3 {[%emt 0:02:14]} 47. bxa3 {[%emt 0:01:44]} Qc6 {[%emt 0:02:02]} 48. Qa2+ {[%emt 0:01:06]} Bc4 {[%emt 0:02:26]} 49. Qd2 {[%emt 0:00:15]} Ra8 {[%emt 0:03:43]} 50. Ne2 {[%emt 0:04:23]} Rxa3 {[%emt 0:00:47]} 51. Nef4 {[%emt 0:00:52]} Ra2 {[%emt 0:01:11]} 52. Qe3 {[%emt 0:00:15]} Kh7 {[%emt 0:01:44]} 1/2-1/2

[Event "3rd Memorial Warakomska 2019"]
[Site "Suwalki"]
[Date "2019.08.12"]
[Round "9.31"]
[White "Lis, Mateusz"]
[Black "Antolak, Julia"]
[Result "0-1"]
[WhiteElo "2007"]
[BlackElo "2258"]
[Annotator "NA"]
[PlyCount "84"]
[EventDate "2019.08.05"]
[EventType "swiss"]
[EventCountry "POL"]
[SourceTitle "playchess.com"]
[Source "ChessBase"]
[SourceQuality "1"]
[TimeControl "40/5400+30:1800+30"]

1. e4 {[%emt 0:00:00]} c5 {[%emt 0:00:00]} 2. Nf3 {[%emt 0:00:00]} e6 {[%emt 0:00:00]} 3. d4 {[%emt 0:00:00]} cxd4 {[%emt 0:00:00]} 4. Nxd4 {[%emt 0:00:00]} Nf6 {[%emt 0:00:00]} 5. Nc3 {[%emt 0:00:08]} d6 {[%emt 0:00:04]} 6. Qf3 {[%emt 0:00:32]} Nc6 {[%emt 0:01:46]} 7. Nxc6 {[%emt 0:00:06]} bxc6 {[%emt 0:00:05]} 8. Be2 {[%emt 0:00:36]} Be7 {[%emt 0:05:26]} 9. Qg3 {[%emt 0:02:02]} O-O {[%emt 0:13:41]} 10. O-O {[%emt 0:06:50]} Kh8 {[%emt 0:07:53]} 11. Rd1 {[%emt 0:02:11]} Qb6 {[%emt 0:03:56]} 12. b3 {[%emt 0:01:13]} e5 {[%emt 0:04:09]} 13. a4 {[%emt 0:01:45]} a5 {[%emt 0:06:55]} 14. Ba3 {[%emt 0:00:39]} Rd8 {[%emt 0:03:32]} 15. Rd2 {[%emt 0:02:12]} Be6 {[%emt 0:12:28]} 16. Rad1 {[%emt 0:01:56]} Ne8 {[%emt 0:01:35]} 17. Bg4 {[%emt 0:00:57]} Bxg4 {[%emt 0:00:35]} 18. Qxg4 {[%emt 0:00:01]} Ra7 {[%emt 0:04:44]} 19. Rd3 {[%emt 0:01:59]} Kg8 {[%emt 0:06:35]} 20. Ne2 {[%emt 0:07:04]} Nf6 {[%emt 0:03:15]} 21. Qf5 {[%emt 0:02:11]} d5 {[%emt 0:01:52]} 22. Bxe7 {[%emt 0:02:02]} Rxe7 {[%emt 0:01:36]} 23. c4 {[%emt 0:00:48]} d4 {[%emt 0:01:15]} 24. Rg3 {[%emt 0:00:36]} c5 {[%emt 0:05:03]} 25. Nc1 {[%emt 0:02:24]} Re6 {[%emt 0:02:44]} 26. Re1 {[%emt 0:05:30]} d3 {[%emt 0:02:44]} 27. Nxd3 {[%emt 0:04:25]} Qxb3 {[%emt 0:01:21]} 28. Qg5 {[%emt 0:02:31]} g6 {[%emt 0:00:34]} 29. Nxe5 {[%emt 0:01:53]} Rd1 {[%emt 0:03:04]} 30. Rge3 {[%emt 0:00:34]} Qxa4 {[%emt 0:01:16]} 31. f4 {[%emt 0:02:59]} Qa1 {[%emt 0:01:49]} 32. Qg3 {[%emt 0:03:39]} Red6 {[%emt 0:02:24]} 33. Nf3 {[%emt 0:00:43]} Rxe1+ {[%emt 0:00:33]} 34. Rxe1 {[%emt 0:00:01]} Rd1 {[%emt 0:00:12]} 35. e5 {[%emt 0:07:00]} Ne4 {[%emt 0:00:42]} 36. Rxd1 {[%emt 0:00:35]} Qxd1+ {[%emt 0:00:08]} 37. Qe1 {[%emt 0:00:02]} Qxe1+ {[%emt 0:01:32]} 38. Nxe1 {[%emt 0:00:02]} Nd2 {[%emt 0:00:08]} 39. Nd3 {[%emt 0:00:03]} a4 {[%emt 0:00:56]} 40. Kf2 {[%emt 0:00:00]} Nb3 {[%emt 0:00:00]} 41. Ne1 {[%emt 0:14:07]} a3 {[%emt 0:03:00]} 42. Nc2 {[%emt 0:00:05]} a2 {[%emt 0:00:05]} 0-1

[Event "3rd Memorial Warakomska 2019"]
[Site "Suwalki"]
[Date "2019.08.12"]
[Round "9.32"]
[White "Shpanko, Nadiia"]
[Black "Praczukowski, Stanislaw"]
[Result "1/2-1/2"]
[WhiteElo "2132"]
[BlackElo "2166"]
[Annotator "NA"]
[PlyCount "81"]
[EventDate "2019.08.05"]
[EventType "swiss"]
[EventCountry "POL"]
[SourceTitle "playchess.com"]
[Source "ChessBase"]
[SourceQuality "1"]
[TimeControl "40/5400+30:1800+30"]

1. c4 {[%emt 0:00:00]} e6 {[%emt 0:00:00]} 2. g3 {[%emt 0:00:00]} d5 {[%emt 0:00:07]} 3. Bg2 {[%emt 0:00:00]} Nf6 {[%emt 0:00:15]} 4. Nf3 {[%emt 0:00:00]} dxc4 {[%emt 0:00:24]} 5. Qa4+ {[%emt 0:00:17]} Bd7 {[%emt 0:00:32]} 6. Qxc4 {[%emt 0:00:07]} c5 {[%emt 0:00:18]} 7. Ne5 {[%emt 0:00:45]} Qc8 {[%emt 0:00:41]} 8. Qd3 {[%emt 0:02:02]} Nc6 {[%emt 0:06:02]} 9. Nxd7 {[%emt 0:03:12]} Qxd7 {[%emt 0:00:58]} 10. Qb3 {[%emt 0:05:15]} Be7 {[%emt 0:02:11]} 11. O-O {[%emt 0:00:57]} O-O {[%emt 0:00:17]} 12. Nc3 {[%emt 0:00:11]} Rfd8 {[%emt 0:01:11]} 13. d3 {[%emt 0:14:28]} Rac8 {[%emt 0:01:14]} 14. Qa4 {[%emt 0:08:51]} b6 {[%emt 0:05:30]} 15. Bg5 {[%emt 0:08:35]} h6 {[%emt 0:02:27]} 16. Bf4 {[%emt 0:06:11]} Nd5 {[%emt 0:02:48]} 17. Nxd5 {[%emt 0:02:48]} exd5 {[%emt 0:01:37]} 18. e4 {[%emt 0:00:07]} dxe4 {[%emt 0:03:58]} 19. dxe4 {[%emt 0:00:50]} Qd4 {[%emt 0:04:54]} 20. Qb5 {[%emt 0:01:57]} Qd3 {[%emt 0:02:26]} 21. a4 {[%emt 0:04:23]} c4 {[%emt 0:08:05]} 22. Rfd1 {[%emt 0:08:41]} Qxd1+ {[%emt 0:03:25]} 23. Rxd1 {[%emt 0:00:04]} Rxd1+ {[%emt 0:00:08]} 24. Bf1 {[%emt 0:00:03]} Nb4 {[%emt 0:17:17]} 25. Kg2 {[%emt 0:04:33]} Nd3 {[%emt 0:02:10]} 26. Be3 {[%emt 0:03:06]} Bf6 {[%emt 0:08:16]} 27. Be2 {[%emt 0:14:09]} Rb1 {[%emt 0:03:29]} 28. Bxd3 {[%emt 0:00:19]} cxd3 {[%emt 0:00:13]} 29. e5 {[%emt 0:00:28]} Bg5 {[%emt 0:01:50]} 30. Bxg5 {[%emt 0:07:11]} hxg5 {[%emt 0:00:16]} 31. Qd7 {[%emt 0:01:43]} Rf8 {[%emt 0:01:23]} 32. Qxd3 {[%emt 0:02:57]} Rxb2 {[%emt 0:00:48]} 33. Qc3 {[%emt 0:00:27]} Ra2 {[%emt 0:01:44]} 34. Qc4 {[%emt 0:00:18]} Rd2 {[%emt 0:01:28]} 35. e6 {[%emt 0:00:38]} fxe6 {[%emt 0:01:02]} 36. Qxe6+ {[%emt 0:00:03]} Kh7 {[%emt 0:03:43]} 37. Qh3+ {[%emt 0:00:05]} Kg6 {[%emt 0:00:19]} 38. Qe6+ {[%emt 0:00:05]} Rf6 {[%emt 0:00:33]} 39. Qe8+ {[%emt 0:00:28]} Kh6 {[%emt 0:03:46]} 40. Qh8+ {[%emt 0:00:00]} Kg6 {[%emt 0:00:00]} 41. Qe8+ {[%emt 0:01:03]} 1/2-1/2

[Event "3rd Memorial Warakomska 2019"]
[Site "Suwalki"]
[Date "2019.08.12"]
[Round "9.33"]
[White "Bachor, Tomasz"]
[Black "Jaroch, Karol"]
[Result "0-1"]
[WhiteElo "2022"]
[BlackElo "2221"]
[Annotator "ChessBase"]
[PlyCount "88"]
[EventDate "2019.08.05"]
[EventType "swiss"]
[EventCountry "POL"]
[SourceTitle "playchess.com"]
[Source "ChessBase"]
[SourceQuality "1"]
[TimeControl "40/5400+30:1800+30"]

1. e4 {[%emt 0:02:06]} c5 {[%emt 0:00:29]} 2. Nf3 {[%emt 0:00:07]} d6 {[%emt 0:00:03]} 3. d4 {[%emt 0:00:10]} cxd4 {[%emt 0:00:02]} 4. Nxd4 {[%emt 0:00:06]} Nf6 {[%emt 0:00:03]} 5. Nc3 {[%emt 0:00:06]} a6 {[%emt 0:00:04]} 6. Be2 {[%emt 0:00:12]} e6 {[%emt 0:00:58]} 7. Be3 {[%emt 0:00:15]} Be7 {[%emt 0:00:07]} 8. a4 {[%emt 0:00:40]} Qc7 {[%emt 0:00:26]} 9. O-O {[%emt 0:00:57]} O-O {[%emt 0:00:32]} 10. f4 {[%emt 0:00:40]} Nc6 {[%emt 0:01:05]} 11. Kh1 {[%emt 0:01:34]} Bd7 {[%emt 0:01:18]} 12. Bf3 {[%emt 0:03:34]} Na5 {[%emt 0:07:28]} 13. g4 {[%emt 0:06:47]} Rfd8 {[%emt 0:13:07]} 14. g5 {[%emt 0:02:51]} Ne8 {[%emt 0:00:02]} 15. f5 {[%emt 0:02:23]} Nc4 {[%emt 0:01:08]} 16. Bc1 {[%emt 0:01:10]} Ne5 {[%emt 0:03:59]} 17. Bg2 {[%emt 0:11:04]} Qc4 {[%emt 0:09:54]} 18. Be3 {[%emt 0:03:13]} Nc6 {[%emt 0:11:22]} 19. Nde2 {[%emt 0:05:10]} Ne5 {[%emt 0:03:01]} 20. Nd4 {[%emt 0:01:40]} b5 {[%emt 0:01:55]} 21. Qh5 {[%emt 0:07:07]} g6 {[%emt 0:01:48]} 22. Qh4 {[%emt 0:02:27]} bxa4 {[%emt 0:04:53]} 23. Nce2 {[%emt 0:03:18]} Rab8 {[%emt 0:00:38]} 24. b3 {[%emt 0:00:59]} axb3 {[%emt 0:00:05]} 25. cxb3 {[%emt 0:00:04]} Rxb3 {[%emt 0:02:09]} 26. Nxb3 {[%emt 0:01:41]} Qxb3 {[%emt 0:00:02]} 27. fxe6 {[%emt 0:04:25]} Bxe6 {[%emt 0:03:07]} 28. Bf4 {[%emt 0:03:41]} Qc4 {[%emt 0:00:48]} 29. Ng3 {[%emt 0:02:08]} Nd3 {[%emt 0:01:48]} 30. Bd2 {[%emt 0:05:48]} Qc5 {[%emt 0:01:57]} 31. Ne2 {[%emt 0:01:42]} Bc4 {[%emt 0:15:06]} 32. Ra5 {[%emt 0:06:21]} Qb6 {[%emt 0:00:11]} 33. Ra4 {[%emt 0:01:47]} Qb2 {[%emt 0:06:18]} 34. Ba5 {[%emt 0:03:07]} Bb5 {[%emt 0:05:25]} 35. Bc3 {[%emt 0:12:21]} Qxe2 {[%emt 0:01:43]} 36. Rxf7 {[%emt 0:00:06]} h5 {[%emt 0:00:48]} 37. Bf3 {[%emt 0:02:43]} Nf2+ {[%emt 0:00:35]} 38. Kg2 {[%emt 0:00:05]} Qf1+ {[%emt 0:00:12]} 39. Kg3 {[%emt 0:00:11]} Qg1+ {[%emt 0:02:39]} 40. Bg2 {[%emt 0:00:00]} Nh1+ {[%emt 0:00:00]} 41. Kf3 {[%emt 0:02:30]} Bxa4 {[%emt 0:00:16]} 42. Bh3 {[%emt 0:03:11]} Bd1+ {[%emt 0:00:20]} 43. Kf4 {[%emt 0:00:06]} Bxg5+ {[%emt 0:00:22]} 44. Qxg5 {[%emt 0:00:09]} Qf2# {[%emt 0:00:05]} 0-1